S Big Data vpred aj v športe

Inovácie v digitálnych technológiách neobišli ani svet športu. Posúvajú ho na vyššiu úroveň, a to tempom, o akom by sme sa pred niekoľkými rokmi možno ani nenazdali. Tento svet pritiahol aj bývalého aktívneho lyžiara a športového funkcionára Martina Benka, dnes konateľa spoločnosti MBCD.

Enregistré dans:
Détails bibliographiques
Auteur principal: Palenčárová, Petra
Format: Chapitre de livre
Langue:slovaque
Sujets:
Tags: Ajouter un tag
Pas de tags, Soyez le premier à ajouter un tag!

MARC

LEADER 00000naa a2200000 4500
001 0297147
005 20240417075254.3
041 0 |a slo 
044 |a SK 
245 1 0 |a S Big Data vpred aj v športe  |c Petra Palenčárová 
520 |a Inovácie v digitálnych technológiách neobišli ani svet športu. Posúvajú ho na vyššiu úroveň, a to tempom, o akom by sme sa pred niekoľkými rokmi možno ani nenazdali. Tento svet pritiahol aj bývalého aktívneho lyžiara a športového funkcionára Martina Benka, dnes konateľa spoločnosti MBCD. 
610 2 0 |a Big Data 
610 2 0 |a šport 
610 2 0 |a digitalizácia 
610 2 0 |a technológie nové 
610 2 0 |a technológie informačné 
610 2 0 |a technológie komunikačné 
100 1 |a Palenčárová, Petra